000 00348nam a2200121Ia 4500
008 190216s9999||||xx |||||||||||||| ||und||
100 _aWilliams H M & Subramanian A E
245 3 _aAn Essential English Grammer With Usage And Composition
260 _bUniversity Of Calicut
_c1991
300 _a298p
650 _aEnglish Grammer
942 _cBK
999 _c13612
_d13612